Immunology / (Record no. 11946)
[ view plain ]
| 000 -LEADER | |
|---|---|
| fixed length control field | 00625cam a22002172 4500 |
| 001 - CONTROL NUMBER | |
| control field | 0000004855 |
| 005 - DATE AND TIME OF LATEST TRANSACTION | |
| control field | 20151217155211.0 |
| 008 - FIXED-LENGTH DATA ELEMENTS--GENERAL INFORMATION | |
| fixed length control field | 070530s xx 000 0 eng d |
| 020 ## - INTERNATIONAL STANDARD BOOK NUMBER | |
| International Standard Book Number | 0716749475 : |
| Terms of availability | KES 7,400 |
| 040 ## - CATALOGING SOURCE | |
| Original cataloging agency | KABU |
| Transcribing agency | KABU |
| 050 #0 - LIBRARY OF CONGRESS CALL NUMBER | |
| Classification number | QR181 |
| Item number | .I46 2003 |
| 245 10 - TITLE STATEMENT | |
| Title | Immunology / |
| Statement of responsibility, etc. | Richard A. Goldsby ... [et al.] |
| 250 ## - EDITION STATEMENT | |
| Edition statement | 4th ed. |
| 260 ## - PUBLICATION, DISTRIBUTION, ETC. (IMPRINT) | |
| Place of publication, distribution, etc. | New York : |
| Name of publisher, distributor, etc. | W. H. Freeman, |
| Date of publication, distribution, etc. | 2003. |
| 300 ## - PHYSICAL DESCRIPTION | |
| Extent | xxiii, 551, [70] p. |
| 650 #0 - SUBJECT ADDED ENTRY--TOPICAL TERM | |
| Topical term or geographic name as entry element | Immunology. |
| -- | 0000075663 |
| 700 1# - ADDED ENTRY--PERSONAL NAME | |
| Personal name | Goldsby, Richard A. |
| -- | 0000106614 |
| 908 ## - PUT COMMAND PARAMETER (RLIN) | |
| Put command parameter | 070530 |
| 950 ## - LOCAL HOLDINGS (RLIN) | |
| -- | 1 |
| Withdrawn status | Lost status | Source of classification or shelving scheme | Not for loan | Home library | Current library | Date acquired | Total Checkouts | Total Renewals | Full call number | Barcode | Date last seen | Date last checked out | Price effective from | Koha item type |
|---|---|---|---|---|---|---|---|---|---|---|---|---|---|---|
| Library of Congress Classification | Kabarak, Main Campus | Kabarak, Main Campus | 17/12/2015 | 52 | 5 | QR181 .I46 2003 | 006568 | 28/11/2025 | 13/11/2025 | 17/12/2015 | General Collection |